ロード中...

ഇന്ത്യന്‍ സിനിമയുടെ 100 വര്‍ഷങ്ങള്‍ : ഇന്ത്യന്‍ സിനിമയുടെ കഥ /

書誌詳細
第一著者: വിജയകൃഷ്ണന്‍
その他の著者: Vijayakrishnan
フォーマット: Printed Book
言語:English
出版事項: തിരുവനന്തപുരം : ചിന്ത പബ്ലിഷേഴ്സ്, 2013.
版:2nd ed.
主題:
LEADER 01013nam a22002177a 4500
008 140528b xxu||||| |||| 00| 0 eng d
999 |c 17012  |d 17012 
020 |a 9789385018985 
082 |a 791.430954 VIJ 
100 |a വിജയകൃഷ്ണന്‍ 
240 |a Indian cinimayude 100 varshangal : Indian cinemayute katha 
245 |a ഇന്ത്യന്‍ സിനിമയുടെ 100 വര്‍ഷങ്ങള്‍ :  |b ഇന്ത്യന്‍ സിനിമയുടെ കഥ /  |c വിജയകൃഷ്ണന്‍ 
250 |a 2nd ed. 
260 |a തിരുവനന്തപുരം :  |c 2013.  |b ചിന്ത പബ്ലിഷേഴ്സ്, 
300 |a 240p. 
650 |a Film 
650 |a Cinema 
650 |a History of Indian cinema 
700 |a Vijayakrishnan 
942 |2 ddc  |c BK 
952 |0 0  |1 0  |2 ddc  |4 0  |6 791_430954000000000_VIJ  |7 0  |9 23828  |a MAIN  |b MAIN  |d 2017-03-18  |e Gift (Publication Department)  |g 220.00  |l 13  |o 791.430954 VIJ  |p 23966  |r 2020-11-04  |s 2020-10-21  |t 1  |w 2017-03-18  |y BK